Green Eyed Characters Quiz Stats

 Plays Quiz Updated May 14, 2019

Score 0/15 Timer 03:00
4 Plays Today
% Correct
Woody Woodpecker
94.7%
Sonic the Hedgehog
94.6%
Scar
94.5%
Mike Wazowski
94.5%
Tarzan
94.2%
Thomas 'Tom' Cat
93.9%
The Evil Queen (Grimhilde)
93.5%
Rapunzel
93.2%
% Correct
Lex Luthor
92.4%
Kim Possible
91.4%
Jessica Rabbit
91.3%
Buttercup
91.1%
Disgust
90.6%
Esmeralda
88.9%
Tōshirō Hitsugaya
88.6%

You're not logged in!

Compare scores with friends on all Sporcle quizzes.
OR
Log In

Show Comments

Extras

Top Quizzes Today


Score Distribution

Your Account Isn't Verified!

In order to create a playlist on Sporcle, you need to verify the email address you used during registration. Go to your Sporcle Settings to finish the process.

Report this User

Report this user for behavior that violates our Community Guidelines.

Details: